| 000 -LEADER |
| fixed length control field |
01587cam a22004214a 4500 |
| 001 - CONTROL NUMBER |
| control field |
13888126 |
| 003 - CONTROL NUMBER IDENTIFIER |
| control field |
OSt |
| 005 - DATE AND TIME OF LATEST TRANSACTION |
| control field |
20170120144235.0 |
| 008 - FIXED-LENGTH DATA ELEMENTS--GENERAL INFORMATION |
| fixed length control field |
050303s2005 ohua j 000 0 eng |
| 010 ## - LIBRARY OF CONGRESS CONTROL NUMBER |
| LC control number |
2005006209 |
| 015 ## - NATIONAL BIBLIOGRAPHY NUMBER |
| Source |
bnb |
| National bibliography number |
GBA567265 |
| 016 7# - NATIONAL BIBLIOGRAPHIC AGENCY CONTROL NUMBER |
| Record control number |
013269876 |
| Source |
Uk |
| 020 ## - INTERNATIONAL STANDARD BOOK NUMBER |
| International Standard Book Number |
1581807333 (pbk. : alk. paper) |
| 020 ## - INTERNATIONAL STANDARD BOOK NUMBER |
| International Standard Book Number |
9781581807332 |
| 035 ## - SYSTEM CONTROL NUMBER |
| System control number |
(OCoLC)ocm58431685 |
| 037 ## - SOURCE OF ACQUISITION |
| Stock number |
1245829 |
| Source of stock number/acquisition |
QBI |
| 040 ## - CATALOGING SOURCE |
| Original cataloging agency |
DLC |
| Transcribing agency |
DLC |
| Modifying agency |
QBX |
| -- |
BAKER |
| -- |
UKM |
| -- |
WIQ |
| -- |
DLC |
| 042 ## - AUTHENTICATION CODE |
| Authentication code |
pcc |
| -- |
lcac |
| 043 ## - GEOGRAPHIC AREA CODE |
| Geographic area code |
a-ja--- |
| 050 00 - LIBRARY OF CONGRESS CALL NUMBER |
| Classification number |
NC1764.8.M65 |
| Item number |
O575 2005 |
| 082 00 - DEWEY DECIMAL CLASSIFICATION NUMBER |
| Classification number |
741.5/37 |
| Edition number |
22 |
| 100 1# - MAIN ENTRY--PERSONAL NAME |
| Personal name |
Okum, David, |
| Dates associated with a name |
1967- |
| 245 10 - TITLE STATEMENT |
| Title |
Draw super manga! monsters / |
| Statement of responsibility, etc. |
David Okum. |
| 246 18 - VARYING FORM OF TITLE |
| Title proper/short title |
Draw super manga monsters! |
| 246 30 - VARYING FORM OF TITLE |
| Title proper/short title |
Manga monsters! |
| 250 ## - EDITION STATEMENT |
| Edition statement |
1st ed. |
| 260 ## - PUBLICATION, DISTRIBUTION, ETC. (IMPRINT) |
| Place of publication, distribution, etc. |
Cincinnati, Ohio : |
| Name of publisher, distributor, etc. |
Impact Books, |
| Date of publication, distribution, etc. |
c2005. |
| 300 ## - PHYSICAL DESCRIPTION |
| Extent |
1 v. (unpaged) : |
| Other physical details |
ill. ; |
| Dimensions |
28 cm. |
| 520 ## - SUMMARY, ETC. |
| Summary, etc. |
Provides instructions for drawing manga monsters. |
| 650 #0 - SUBJECT ADDED ENTRY--TOPICAL TERM |
| Topical term or geographic name as entry element |
Monsters in art |
| Form subdivision |
Juvenile literature. |
| 650 #0 - SUBJECT ADDED ENTRY--TOPICAL TERM |
| Topical term or geographic name as entry element |
Comic books, strips, etc. |
| Geographic subdivision |
Japan |
| General subdivision |
Technique |
| Form subdivision |
Juvenile literature. |
| 650 #0 - SUBJECT ADDED ENTRY--TOPICAL TERM |
| Topical term or geographic name as entry element |
Cartooning |
| General subdivision |
Technique |
| Form subdivision |
Juvenile literature. |
| 650 #1 - SUBJECT ADDED ENTRY--TOPICAL TERM |
| Topical term or geographic name as entry element |
Monsters in art. |
| 650 #1 - SUBJECT ADDED ENTRY--TOPICAL TERM |
| Topical term or geographic name as entry element |
Cartoons and comics. |
| 650 #1 - SUBJECT ADDED ENTRY--TOPICAL TERM |
| Topical term or geographic name as entry element |
Cartooning. |
| 906 ## - LOCAL DATA ELEMENT F, LDF (RLIN) |
| a |
7 |
| b |
cbc |
| c |
orignew |
| d |
1 |
| e |
ecip |
| f |
20 |
| g |
y-gencatlg |
| 942 ## - ADDED ENTRY ELEMENTS (KOHA) |
| Source of classification or shelving scheme |
|
| Koha item type |
Hard Covered Materials |
| Classification part |
NC 1764.8 .M650575 2005 |